00968 2200301 4500035002000000001002100020005001700041006001900058007000300077008004100080856006000121020002300181040002000204082002000224084001800244090002400262100001700286245013800303250001100441260004400452300004200496650002600538650002000564700002100584850001300605999002700618999002100645 a0010-0122001558INLIS00000000074613420200617171826.0aa g 000 0 ta180816s2015 yoia g 000 0 ind  y http://opac.perpusnas.go.id/DetailOpac.aspx?id=1012670 a 978-602-7572-35-5 a JKPNPNA b ind042 [23]a 338.04  a 338.04 BRI s a CB-D.11 2015-131210 a Brilyantini10a Sukses bekerja dari rumah : b jurus jitu perempuan yang ingin sukses berkarya dari rumah / c Brilyantini ; editor, Herlina P. Dewi a Cet.1 a Yogyakarta : b Stiletto Book, c 2015 a xii, 246 hlm. : b ilus. ; c 19 cm. 4a Wanita dalam profesi 4a Kewiraswastaan0 a Herlina P. Dewi a JKPNPNA a ## a 13121/DM/D/2015 a 13121/DM/D/2015